[Event "73rd Tata Steel GMA"]
[Site "Wijk aan Zee NED"]
[Date "2011.01.28"]
[Round "11"]
[White "Nepomniachtchi, Ian"]
[Black "Nakamura, Hikaru"]
[Result "0-1"]
[WhiteTitle "GM"]
[BlackTitle "GM"]
[WhiteElo "2733"]
[BlackElo "2751"]
[WhiteFideId "4168119"]
[BlackFideId "2016192"]
[Annotator "Michiel Abeln"]
[EventDate "2011.01.14"]

1. e4 c6 {Nakamura decided to play something solid because he considered
Nepomniachtchi to be an even more aggresive player than he is himself.
Probably this opening choice was a surprise for the white player.} 2. d4 d5 3.
e5 Bf5 4. h4 {Maybe not the main line, but lately quite fashionable} h5 5. c4
e6 6. Nc3 Ne7 7. Nge2 ({An important alternative is} 7. Bg5 Nd7 8. Nge2 f6 9.
exf6 gxf6 10. Be3 dxc4 11. Ng3 Nb6 12. Be2 Bg6 13. Bxh5 {as played in the game
Svidler,P - Nielsen,P Copenhagen DEN 2010/The Week in Chess 822 (51)}) 7... Bg4
{According to Nakamura recommended by Karpov, but not something he had deeply
studied.} ({A previous encounter led to a painful loss for Nakamura:} 7... dxc4
8. Ng3 Bg6 9. Bg5 Qb6 10. Qd2 Qb4 11. a3 Qb3 12. Nge4 Nd5 13. Rh3 Qb6 14. Bxc4
Qa5 15. Nd6+ Bxd6 16. exd6 Nd7 17. Rc1 Nxc3 18. Rcxc3 Nf6 19. b4 Qd8 20. Qf4
Kd7 21. Rhe3 Re8 22. b5 Qa5 23. Bxf6 gxf6 24. Kf1 Bf5 25. Be2 Rac8 26. Rc5 Qa4
27. Rec3 a6 28. b6 Bg6 29. Qxf6 e5 30. Rxe5 Rxe5 31. dxe5 Re8 32. Re3 Re6 33.
Qg5 Qd4 34. Kg1 Be4 35. Qxh5 Rxe5 36. Qxf7+ Kxd6 37. Qxb7 {1-0 Svidler,P (2734)
-Nakamura,H (2729)/Amsterdam NED 2010/The Week in Chess 824}) 8. f3 Bf5 9. Ng3
Bg6 10. Bg5 Qb6 11. Qd2 {Obviously white is taking a very aggresive approach
which in this game backfires} Nd7 12. a3 f6 13. Be3 Qb3 {and now thanks to the
insertion of 7...,Bg4 8.f3 the queen can no longer be harrased by a white rook
on h3} 14. cxd5 ({Not so good is} 14. Rc1 dxc4 15. Be2 O-O-O 16. Nce4 Nd5) ({
an alternative is} 14. exf6 gxf6 15. c5 O-O-O) 14... Nxd5 15. Nxd5 Qxd5 16. Rc1
Nb6 17. Ne2 {After a long think white decided to sacrifice a pawn} ({The solid
approach with} 17. exf6 gxf6 18. Bd3 Bxd3 19. Qxd3 O-O-O {is probably still a
bit better for black}) 17... fxe5 {and Nakamura saw no reason not to accept}
18. dxe5 Qxe5 19. Bd4 Qc7 20. Qg5 Bf5 (20... Bf7 21. Bxg7 Bxg7 $1 ({Nakamura
calculated} 21... Rg8 22. Be5 Rxg5 23. Bxc7 Rb5 24. b4 {when white is still
holding on}) 22. Qxg7 O-O-O {and black's superior development will decide}) 21.
g4 hxg4 22. fxg4 Be4 23. Rh3 Be7 24. Qxg7 {a blunder} ({A safer option was} 24.
Qe3 {but after} Bd5 25. h5 O-O-O 26. Bxg7 (26. Nc3 Bf6 27. Bxf6 gxf6 28. Nb5
Qb8) 26... Rh7 27. h6 Bd6 {black is still better}) 24... Rh7 25. Qe5 ({
Nepomniachtchi had planned} 25. Bxb6 {but found too late that this is refuted
by} Bb4+ 26. axb4 Qxg7) ({Also not working is} 25. Qg8+ Kd7 26. Bxb6 Rxg8 27.
Bxc7 Kxc7 {and white will drop his kingside pawns}) 25... Qxe5 26. Bxe5 Bxh4+ {
now it's basically game over} 27. Ng3 (27. Bg3 Bxg3+ 28. Nxg3 Rxh3 29. Bxh3 Bd5
{is also winning for black}) 27... Nd7 28. Bd4 ({In the post mortem the
players looked at the more stubborn} 28. Bd6 Bg6 {but black is still a pawn up}
) 28... Bf3 29. g5 Bg4 30. g6 Rh6 31. Rxh4 {sacrificing the exchange the only
way to keep the fight going and hope for a miracle} Rxh4 32. Rc3 Bf3 {
unnecessarily complicating things} (32... Ke7 {would have been much simpler})
33. Rxf3 Rxd4 34. Bh3 {this move was missed by Nakamura, but he's still
winning thanks to} Ne5 $1 ({white could fight after} 34... Ke7 35. Re3) 35. Rf6
Nd3+ 36. Ke2 Nf4+ 37. Ke3 e5 38. Rf7 Rd3+ 39. Ke4 Rxg3 40. Bd7+ Kd8 41. Bf5
Nxg6 42. Rg7 Rb8 43. b4 b5 44. Bxg6 Rg5 0-1

[Event "73rd Tata Steel GMA"]
[Site "Wijk aan Zee NED"]
[Date "2011.01.28"]
[Round "11"]
[White "Grischuk, Alexander"]
[Black "L'Ami, Erwin"]
[Result "1/2-1/2"]
[WhiteTitle "GM"]
[BlackTitle "GM"]
[WhiteElo "2773"]
[BlackElo "2628"]
[WhiteFideId "4126025"]
[BlackFideId "1007998"]
[EventDate "2011.01.14"]

1. c4 Nf6 2. Nc3 e6 3. d4 Bb4 4. e3 O-O 5. Bd3 d5 6. cxd5 exd5 7. Ne2 Bd6 8. Bd2
Re8 9. Rc1 c6 10. Qc2 Na6 11. a3 Nc7 12. f3 Ne6 13. O-O c5 14. dxc5 Bxc5 15. b4
Bb6 16. Nb5 Bd7 17. Nbd4 Rc8 18. Qb2 Nxd4 19. Nxd4 Rxc1 20. Rxc1 a6 21. Re1 h5
22. Bc3 h4 23. Qf2 Nh5 24. Kh1 1/2-1/2

[Event "73rd Tata Steel GMC"]
[Site "Wijk aan Zee NED"]
[Date "2011.01.28"]
[Round "11"]
[White "Van Kampen, Robin"]
[Black "Swiercz, Dariusz"]
[Result "0-1"]
[WhiteTitle "IM"]
[BlackTitle "GM"]
[WhiteElo "2443"]
[BlackElo "2540"]
[WhiteFideId "1020854"]
[BlackFideId "1126881"]
[EventDate "2011.01.14"]

1. e4 e6 2. d4 d5 3. Nc3 Nf6 4. e5 Nfd7 5. f4 c5 6. Nf3 Nc6 7. Be3 Be7 8. Qd2
O-O 9. dxc5 Bxc5 10. O-O-O Qa5 11. Bxc5 Nxc5 12. h4 Bd7 13. Kb1 Rfd8 14. Rh3 Be8
15. Nd4 Rac8 16. Be2 Ne4 17. Nxe4 Qxd2 18. Rxd2 dxe4 19. Nb3 Rxd2 20. Nxd2 Nd4
21. Bd1 Bc6 22. c3 Nf5 23. g4 Rd8 24. Kc2 Ne7 25. Re3 h5 26. gxh5 Nf5 27. Re1
Rd3 28. Kc1 Rh3 29. Nxe4 Rxh4 30. Nd6 Rxf4 31. Bc2 Ng3 32. Nc8 Nxh5 33. Rd1 g6
34. Rd8+ Kg7 35. Nxa7 Bd5 36. b3 Rf1+ 37. Kd2 Rf2+ 38. Kc1 g5 39. Nc8 Rf1+ 40.
Kd2 Rf2+ 41. Kc1 f5 42. Ne7 Be4 43. Bxe4 fxe4 44. Rd7 Nf4 45. Nd5+ Kg6 46. Ne3
Re2 47. Nc4 g4 48. Rd8 Kg5 49. Rg8+ Kh4 0-1

[Event "73rd Tata Steel GMC"]
[Site "Wijk aan Zee NED"]
[Date "2011.01.28"]
[Round "11"]
[White "Vocaturo, Daniele"]
[Black "Lahno, Kateryna"]
[Result "1-0"]
[WhiteTitle "GM"]
[BlackTitle "GM"]
[WhiteElo "2570"]
[BlackElo "2518"]
[WhiteFideId "813192"]
[BlackFideId "14109336"]
[EventDate "2011.01.14"]

1. e4 d6 2. d4 Nf6 3. Nc3 g6 4. Be3 a6 5. Be2 Bg7 6. h4 h5 7. f3 Nbd7 8. Qd2 b5
9. Nh3 Bb7 10. Ng5 e6 11. a4 b4 12. Nd1 a5 13. Nf2 Qe7 14. O-O-O Nb6 15. b3 Nfd7
16. Kb1 c5 17. Bb5 O-O-O 18. Qe2 cxd4 19. Bxd4 Bxd4 20. Rxd4 e5 21. Rd2 f6 22.
Ngh3 d5 23. Ba6 d4 24. Qb5 Qc5 25. Nd3 Qxb5 26. Bxb5 Rdg8 27. Nhf2 Kc7 28. f4
Kd6 29. Re1 Nf8 30. Nh3 Ne6 31. Rf2 Rf8 32. g3 Nc7 33. Ref1 exf4 34. Rxf4 Ke7
35. e5 Nbd5 36. exf6+ Rxf6 37. Rxf6 Nxf6 38. Ndf4 Be4 39. Bd3 Bxd3 40. cxd3 Rg8
41. Rc1 Ncd5 42. Rc5 Kd6 43. Rxa5 Re8 44. Ng5 Re1+ 45. Kc2 Nxf4 46. gxf4 Nd5 47.
Kd2 Rh1 48. Ra6+ Kd7 49. Nf3 Nxf4 50. Rf6 Ne6 51. Rxg6 Rf1 52. Ne5+ Kd6 53. Nc6
Kxc6 54. Rxe6+ Kd5 55. Rb6 Rh1 56. Rxb4 Rh2+ 57. Kc1 Rxh4 58. a5 Rh1+ 59. Kb2
Kc5 60. Rb8 Rh2+ 61. Ka3 Rh1 62. b4+ Kc6 63. Kb2 Kc7 64. Rb5 h4 65. a6 Rh2+ 66.
Kb3 Rd2 67. Kc4 Ra2 68. Rb7+ Kd6 69. Rh7 1-0

[Event "73rd Tata Steel GMC"]
[Site "Wijk aan Zee NED"]
[Date "2011.01.28"]
[Round "11"]
[White "Bluvshtein, Mark"]
[Black "Van Der Werf, Mark"]
[Result "1/2-1/2"]
[WhiteTitle "GM"]
[BlackTitle "IM"]
[WhiteElo "2590"]
[BlackElo "2439"]
[WhiteFideId "2603608"]
[BlackFideId "1000470"]
[EventDate "2011.01.14"]

1. d4 Nf6 2. c4 e6 3. Nc3 Bb4 4. e3 c5 5. Ne2 b6 6. a3 Ba5 7. Rb1 Na6 8. g3 Bb7
9. d5 b5 10. Bg2 bxc4 11. e4 O-O 12. O-O d6 13. Bg5 exd5 14. Nxd5 Bxd5 15. Bxf6
Qxf6 16. Qxd5 Rab8 17. Qxc4 Nc7 18. Nf4 Rfe8 19. Qc2 Qd8 20. Rfd1 Ne6 21. Nd5
Qd7 22. Qd3 Qb5 23. Qxb5 Rxb5 24. b4 Bd8 25. Bf1 Rb8 26. f3 cxb4 27. Rxb4 Rxb4
28. axb4 Nc7 29. Nf4 Ne6 30. Bb5 Bb6+ 31. Kf1 Rd8 32. Nd5 Kf8 33. Bc4 Rb8 34. f4
Bd8 35. Ra1 Rb7 36. Ba6 Rb8 37. Bc4 Rb7 38. Ra6 Bb6 39. Nxb6 Rxb6 40. Ra4 Rb7
41. Ke2 Ke7 42. Bd5 Rc7 43. Kd3 Nf8 44. Ra5 Nd7 45. Kd4 h6 46. h4 Nf6 47. Bb3
Rb7 48. b5 Rc7 49. Ra3 Rb7 50. Bc4 Rc7 51. Be2 Nd7 52. g4 Nf8 53. f5 Nd7 54. g5
hxg5 55. hxg5 Ne5 56. Ra6 Kd7 57. Ra3 Ke7 58. Ra1 Kd7 59. Rh1 Rc2 60. Ke3 Rc8
61. Rh7 Rg8 62. Kd4 Ke7 63. Rxg7 Rxg7 64. f6+ Kf8 65. fxg7+ Kxg7 66. Kd5 f6 67.
gxf6+ Kxf6 68. Kxd6 Nf7+ 69. Kd5 Ne5 70. Bc4 Nf3 71. Kd6 Ne5 72. Be2 Nf7+ 73.
Kd5 Ne5 74. Bh5 Nd3 75. Kd6 Ne5 76. Kd5 Nd3 77. Kc6 Ke5 78. Bf3 Ne1 79. Bd1 Kxe4
80. Kb7 Kd5 81. Be2 Nc2 82. Kxa7 Nd4 83. b6 Nc6+ 84. Kb7 Kc5 85. Bf3 Nd8+ 86.
Kc7 Ne6+ 87. Kb7 Nd8+ 88. Ka7 Kb5 89. Bg4 Kc5 90. Bd7 Kd6 91. Ba4 Kc5 92. Be8
Kb4 93. Kb8 Ka5 94. Kc7 Ne6+ 95. Kb7 Nd8+ 96. Ka7 Kb4 97. Bf7 Ka5 98. Bd5 Kb5
99. Be4 Ka5 100. Bd3 Nc6+ 101. Kb7 Nd8+ 102. Kc7 Ne6+ 103. Kc6 Nd8+ 104. Kd5
Kxb6 1/2-1/2

[Event "73rd Tata Steel GMC"]
[Site "Wijk aan Zee NED"]
[Date "2011.01.28"]
[Round "11"]
[White "Kazhgaleyev, Murtas"]
[Black "Ivanisevic, Ivan"]
[Result "1/2-1/2"]
[WhiteTitle "GM"]
[BlackTitle "GM"]
[WhiteElo "2637"]
[BlackElo "2630"]
[WhiteFideId "13700316"]
[BlackFideId "912417"]
[EventDate "2011.01.14"]

1. d4 Nf6 2. c4 g6 3. Nc3 Bg7 4. e4 d6 5. h3 O-O 6. Bg5 c5 7. d5 e6 8. Bd3 exd5
9. exd5 Nbd7 10. f4 Qa5 11. Kf2 Nh5 12. Nge2 f6 13. Bh4 Bh6 14. g3 a6 15. Qc2 f5
16. a4 Ndf6 17. Rhe1 Bd7 18. Ng1 Bg7 19. Nf3 h6 20. Re7 b5 21. Rae1 bxc4 22.
Bxc4 Rae8 23. Rxe8 Rxe8 24. Rxe8+ Bxe8 25. Kg2 Bf7 26. Qb3 Qb4 27. Nd2 Kf8 28.
Kf3 g5 29. fxg5 Nd7 30. Kg2 Nb6 31. g6 Nxc4 32. Qxc4 Qxb2 33. Nb1 Bxg6 34. Qxa6
Qe5 35. a5 Qxd5+ 36. Nf3 f4 37. Nd2 Qd3 38. Qc8+ Kf7 39. g4 Qe2+ 40. Bf2 Ng3 41.
Qb7+ Kg8 42. Qd5+ Bf7 43. Qb7 Bc4 44. g5 hxg5 45. a6 Bxa6 46. Qd5+ Kh7 47. Nxg5+
Kg6 48. Qf7+ Kh6 49. Qxf4 Nh5 50. Qf5 Bd4 51. Nge4 Bd3 52. Qf8+ Kh7 53. Qf5+ Kg7
54. Qg5+ Kf8 55. Qd8+ Kf7 56. Qd7+ Kg6 57. Qxd6+ Nf6 58. Qg3+ Kf7 59. Qc7+ Kg6
60. Qg3+ Kf7 61. Qc7+ 1/2-1/2

[Event "73rd Tata Steel GMC"]
[Site "Wijk aan Zee NED"]
[Date "2011.01.28"]
[Round "11"]
[White "Tania, Sachdev"]
[Black "Pruijssers, Roeland"]
[Result "1/2-1/2"]
[WhiteTitle "IM"]
[BlackTitle "IM"]
[WhiteElo "2391"]
[BlackElo "2484"]
[WhiteFideId "5007844"]
[BlackFideId "1013068"]
[EventDate "2011.01.14"]

1. d4 Nf6 2. c4 g6 3. Nc3 Bg7 4. e4 O-O 5. e5 Ne8 6. f4 d6 7. Nf3 Bg4 8. Be2 c5
9. dxc5 Nc6 10. cxd6 exd6 11. Be3 Qa5 12. Qd5 Rc8 13. Qxa5 Nxa5 14. Nd5 Kh8 15.
Rc1 Bxf3 16. gxf3 dxe5 17. b4 Nc6 18. Bc5 Rg8 19. b5 Nd8 20. Ba3 Bf8 21. Bb2 f6
22. fxe5 fxe5 23. Bxe5+ Bg7 24. Ne7 Rc5 25. Bb8 Rf8 26. Nd5 a6 27. Ba7 Rc8 28.
Kf2 Nd6 29. Rhd1 Nf5 30. Ne3 Ne6 31. Nxf5 Rxf5 32. Rd6 Ng5 33. Rd7 axb5 34. Rcd1
bxc4 1/2-1/2

[Event "73rd Tata Steel GMC"]
[Site "Wijk aan Zee NED"]
[Date "2011.01.28"]
[Round "11"]
[White "De Jong, Jan-Willem"]
[Black "Siebrecht, Sebastian"]
[Result "1-0"]
[WhiteTitle "IM"]
[BlackTitle "GM"]
[WhiteElo "2437"]
[BlackElo "2439"]
[WhiteFideId "1008641"]
[BlackFideId "4609352"]
[EventDate "2011.01.14"]

1. d4 d5 2. c4 c6 3. Nf3 Nf6 4. Nc3 e6 5. e3 Nbd7 6. Bd3 Bd6 7. e4 dxe4 8. Nxe4
Nxe4 9. Bxe4 Nf6 10. Bc2 c5 11. O-O h6 12. Ba4+ Bd7 13. dxc5 Bxc5 14. Ne5 Qe7
15. b4 Bxb4 16. Rb1 O-O-O 17. Nxd7 Nxd7 18. Qb3 a5 19. a3 Nc5 20. Qc2 Bc3 21.
Qxc3 Nxa4 22. Qxa5 Nc5 23. Qa7 e5 24. Be3 Na6 25. c5 Nb8 26. c6 Nxc6 27. Qa8+
Kc7 28. Rxb7+ Kd6 29. Rd1+ Nd4 30. Rb6+ 1-0

[Event "73rd Tata Steel GMC"]
[Site "Wijk aan Zee NED"]
[Date "2011.01.28"]
[Round "11"]
[White "Nyzhnyk, Illya"]
[Black "Bok, Benjamin"]
[Result "1-0"]
[WhiteTitle "IM"]
[BlackTitle "IM"]
[WhiteElo "2530"]
[BlackElo "2453"]
[WhiteFideId "14118084"]
[BlackFideId "1017063"]
[EventDate "2011.01.14"]

1. d4 Nf6 2. c4 g6 3. Nf3 Bg7 4. g3 d5 5. cxd5 Nxd5 6. Bg2 Nb6 7. Nc3 Nc6 8. e3
O-O 9. O-O Re8 10. Re1 a5 11. Qe2 Be6 12. Rd1 Bc4 13. Qc2 Nb4 14. Qd2 a4 15. Ne1
c6 16. Nc2 Nxc2 17. Qxc2 Qc7 18. e4 Red8 19. Be3 Be6 20. b3 axb3 21. axb3 Rxa1
22. Rxa1 Qc8 23. Rd1 Nd7 24. f3 Qc7 25. Bf2 Nf8 26. Na4 Qa5 27. d5 cxd5 28. Bb6
Qa8 29. Bxd8 Qxd8 30. exd5 Bxd5 31. f4 e6 32. Qd3 Qb8 33. Bxd5 b5 34. Nc5 Qa7
35. Qxb5 exd5 36. Rxd5 Bd4+ 37. Rxd4 Qa1+ 38. Kg2 Qxd4 39. Qc4 Qd2+ 40. Kh3 Qd8
41. Ne4 h5 42. b4 Qd1 43. Nf6+ Kg7 44. Qc3 Kh6 45. Ne8 Qd7+ 46. Kg2 Qb7+ 47. Kf2
Qa7+ 48. Kf1 Qa6+ 49. Ke1 Qe6+ 50. Qe5 Qxe5+ 51. fxe5 Nd7 52. b5 Nxe5 53. b6 Kg5
54. b7 Nc6 55. h4+ Kf5 56. Kf2 g5 57. Nd6+ Ke6 58. Nb5 Nb8 59. Nd4+ Kd5 60. g4
hxg4 61. h5 Ke5 62. Kg3 f5 63. h6 f4+ 64. Kxg4 Kf6 65. Kh5 f3 66. Nxf3 g4 67.
Ng5 Nc6 68. Ne6 1-0